000 00573nam a2200181Ia 4500
008 090124s9999 xx 000 0 und d
082 _b131230
100 _aपोरे सुरेश
245 _a" व्हिकी, प्रेम अन् शॉक"
250 _a2
260 _c2002
300 _a116
600 _aपोरे सुरेश
630 _a" व्हिकी, प्रेम अन् शॉक"
700 _aपोरे सुरेश
730 _a" व्हिकी, प्रेम अन् शॉक"
942 _cBOOK
999 _c177319
_d177319